Представление документа в формате RUSMARC

Поле Инд. ПП Название Значение
Тип записи a
Библиографический уровень a
001 Контрольный номер 1101d53b4b224fc081dae4c814cd6ae4
005 Дата корректировки 20191011103200.2
100 a Данные общей обработки 20181128 ||| 0rusy0189 ca
101 0_ a Язык текста rus
102 a Страна публикации RU
200 1_ f Первые сведения об ответственности Е.И. Майорова, Н.Ю. Гончарук
a Заглавие Особенности проведения судебно-экологических экспертиз и оценка их судом в гражданском и арбитражном судопроизводстве
b Общее обозначение материала Текст
210 1_ d Дата издания 2017
461 _0 1 2000
a Арбитражный и гражданский процесс
463 _0 1 2000
a № 9
v С. 39-44
1 2101
d 2017
1 00184d707d4088d4fc6bf47735eba8ce313
606 a Основная рубрика Гражданское процессуальное право
610 0_ a Ключевые слова АРБИТРАЖНЫЙ ПРОЦЕСС
a Ключевые слова ЭКСПЕРТИЗА ЭКОЛОГИЧЕСКАЯ
a Ключевые слова ДОКАЗАТЕЛЬСТВА
700 _1 a Фамилия Майорова
b Имя Е.И.
701 _1 a Фамилия Гончарук
b Имя Н.Ю.
801 _0 a Страна RU
b Организация РГУП
c Дата составления 20181128
g Правила каталогизации PSBO
801 _1 a Страна RU
b Организация РГУП
c Дата составления 20181128
g Правила каталогизации PSBO
901 t Тип документа b
w Контрольный № источника 84d707d4088d4fc6bf47735eba8ce313
905 a Дата ввода 20181128